000 00818nam a2200205 a 4500
003 0
005 20250519151156.0
008 021125s19uu xx 00 eng d
050 _aPGS HQ 784.M3
_b.G751 2001
100 _aGrandea, Sunshine Marie Jereza.
245 _aPerceptions of the grade six parents of Southville International School on their role in regulating the negative effects of mass media /
_cSunshine Marie Jereza Grandea.
260 _aLas PiƱas City, Philippines :
_bSouthville International School and Colleges,
_c2001.
300 _a27 pages :
_billustrations ;
_c28 cm.
504 _aIncludes bibliographical references.
650 _aMass media and children.
650 _aParental responsibility.
650 _aMass media
_vInfluence.
650 _aParents
_vAttitudes.
942 _2lcc
_cPASS
999 _c96567
_d96567